| 000 | 01422nam1a2200301 i 4500 | ||
|---|---|---|---|
| 001 | RU\NLR\bibl\1241455 | ||
| 005 | 20260405155230.0 | ||
| 035 | _a(NLR Aleph) 001227642 | ||
| 090 |
_a178243 _c178243 |
||
| 100 | _a20080616g20079999u y0rusy50 ca | ||
| 101 | 0 | _arus | |
| 102 | _aRU | ||
| 105 | _a||||z ||||| | ||
| 200 | 1 |
_aХрестоматия по истории социальной педагогики и воспитания _eучебное пособие для студентов высших учебных заведений, обучающихся по специальности 031300 "Социальная педагогика" _f[сост. А.А. Фролов, д. пед. н., проф., Ю.Х.Трушина, к. пед. н., доц.] |
|
| 210 |
_aМосква _cНародное образование _d2007 |
||
| 215 | _d20 | ||
| 463 | 0 | _10011198171 | |
| 463 | 0 | _10011198179 | |
| 606 | 1 |
_aСоциальная педагогика _xИстория _92167671 _3RU\NLR\auth\661304142 |
|
| 606 | 1 |
_aВоспитание _xИстория _91335012 _3RU\NLR\auth\66240888 |
|
| 686 | _aЧ30в2-3 | ||
| 686 | _aЧ33(0)-3 | ||
| 702 | 1 |
_4220 _7ca _8rus _aФролов _bА. А. _cд-р пед. наук _f1927- _gАнатолий Аркадьевич _948993 _3RU\NLR\auth\7766064 |
|
| 801 | 0 |
_aRU _bNLR _c20080616 _gRCR |
|
| 801 | 1 |
_aRU _bNLR _c20080616 |
|
| 852 |
_aNLR _j2008-3/6740 |
||
| 942 | _cBOOK | ||